| 000 | 00743namaa2200181 i 4500 | ||
|---|---|---|---|
| 001 | 173892 | ||
| 003 | ES-MaACL | ||
| 005 | 20250920063112.0 | ||
| 008 | 100128s1847 sp |||| | spa d | ||
| 040 |
_aSpMaBN _bspa _cPAB |
||
| 100 | 1 |
_aAzcona, Agustín, _dm.1855 _9142051 |
|
| 245 | 1 | 3 |
_aLa pradera del Canal _b: zarzuela en un acto / _cpor Agustin Azcona. |
| 260 |
_aMadrid : _b[s.n.], _c1847 ( _fImp. Nacional) |
||
| 300 |
_a27 p. ; _c17 cm. |
||
| 500 | _aSolo la letra. | ||
| 852 |
_aES-MaACL _jF-8627(1) _z.- Enc. pasta española _q.- Falto de la cub. original _z.- Enc. en un vol. facticio formando parte de la col. facticia "Teatro español moderno", vol. 82 _z.- Dedicatoria autógrafa del autor |
||
| 999 |
_c173892 _d173892 |
||